| 000 | 01036nam0a22003011 4500 | ||
|---|---|---|---|
| 001 | v19\rc\1658735 | ||
| 005 | 20250619005511.0 | ||
| 035 | _a(NLR Aleph) 004768581 | ||
| 090 |
_a4617693 _c4617693 |
||
| 100 | _a20061002d1890 |||y0rusy50 ca | ||
| 101 | 0 | _arus | |
| 102 | _aRU | ||
| 105 | _ay z ||||| | ||
| 200 | 1 |
_aЛетопись Петропавловского собора города Казани, составленная протоиереем сего собора Петром Васильевичем Маловым в 1890 году _e[С прил.] |
|
| 210 |
_aКазань _cтип. Имп. Ун-та _d1890 |
||
| 215 |
_a[2], II, 66, 24 с. _d23 |
||
| 700 | 1 |
_aМалов _bП.В. _gПетр Васильевич _4220 |
|
| 801 | 0 |
_aRU _bNLR _gpsbo |
|
| 801 | 0 |
_aRU _bRuMoRGB _2psbo |
|
| 801 | 1 |
_aRU _bProSoft-M _2rusmarc |
|
| 852 |
_aNLR _j18.294.1.183 |
||
| 899 |
_aRuMoRGB _jA 165/718 |
||
| 899 |
_aRuMoRGB _jA 188/868 |
||
| 899 | _aБАН | ||
| 899 | _aГПИБ | ||
| 899 | _aНБ МГУ | ||
| 942 | _cBOOK | ||
| 980 | _aNB | ||